000 00194nam a2200085Ia 4500
008 120527s9999 xx 000 0 und d
100 _aFannes, A.E. Roger
245 _aMacro Economics
942 _cBK
999 _c27204
_d27204